Geography Quiz

Random Geography or City Quiz
Score 0/16 Timer 06:00
3 Plays Today
# Landmark % Correct
3Willis Tower
92.9%
1Wrigley Field
92%
2Cloud Gate
80%
14Navy Pier
73.5%
17Soldier Field
71.9%
19The Loop
67.8%
10Buckingham Fountain
55.5%
9John Hancock Center
53.3%
# Landmark % Correct
12The Field Museum
51.6%
15Shedd Aquarium
50.2%
16Art Institute of Chicago
46.7%
5Adler Planetarium
45.1%
4Chicago Water Tower
42.1%
18Daley Center
26.4%
6Marina City
22.2%
11Merchandise Mart
19.9%
Remove Ads.
Support Sporcle.
Get the best of Sporcle when you Go Orange. This ad-free experience offers more features, more stats, and more fun while also helping to support Sporcle. Thank you for becoming a member.

You're not logged in!

Compare scores with friends on all Sporcle quizzes.
OR
Log In

Show Comments

Extras

Top Quizzes Today


Score Distribution

Your Account Isn't Verified!

In order to create a playlist on Sporcle, you need to verify the email address you used during registration. Go to your Sporcle Settings to finish the process.

Report this User

Report this user for behavior that violates our Community Guidelines.

Details: